000 00772nam a2200253 i 4500
001 bg
003 BPK
005 20191002090801.0
008 s1990 enk g f |000 0 eng d
020 _a0194313441
040 _cBPK
080 _a811.111'37
080 _a(07)
100 1 _aThomson, Audrey Jean
_d(1920- ).
245 1 0 _aA practical English grammar :
_bexercises 2 /
_cA.J. Thomson, A.V. Martinet.
250 _a3rd ed.
260 _aOxford :
_bOxford University Press,
_c1990.
650 0 _aEnglish language
_xGrammar
_vProblems, exercises, etc.
650 4 _aJęzyk angielski
_xgramatyka.
655 4 _aĆwiczenia i zadania
655 4 _aPodręcznik
700 1 _aMartinet, Agnes V.
_d(1921- ).
942 _cKS
_2UKD
999 _c4390
_d4390